| 000 | 00437nam a2200157 i 4500 | ||
|---|---|---|---|
| 001 | 60126 | ||
| 003 | ES-MaACL | ||
| 005 | 20230906164148.0 | ||
| 007 | t| | ||
| 008 | 031103s1967 sp ||||1| spa d | ||
| 245 | 0 | 0 |
_aEspaña en su prensa _b: 1967. |
| 260 |
_aMadrid : _b[Servicio Informativo Español], _c1967. |
||
| 300 |
_a301 p., 16 lám. ; _c21 cm. |
||
| 852 |
_aES-MaACL _jE-4995 _bR.89012 |
||
| 852 |
_aES-MaACL _jC-32434 _bR.62481 |
||
| 999 |
_c60126 _d60126 |
||